000 00417nam a22001577a 4500
003 OSt
005 20260401092033.0
008 260401b |||||||| |||| 00| 0 eng d
020 _a9789914529296
040 _cKICD
050 _aPL 8703.5 2005
245 _aMTAALA WA DARAJA YA JUU YA SHULE ZA UPILI
_bG10 FASIHI YA KISWAHILI
_cKICD
250 _a1ST ED
260 _aNAIROBI, KENYA
_bKICD
_c2025
942 _2ddc
_cBK
_n0
999 _c10013
_d10013